000 01387nam a22002657a 4500
005 20170124103157.0
010 _aB-068986
020 _c200.00
_a812630766
035 _aB-068986
037 _bCen Lib/Ret
040 _aDPL
_bHN
082 _a893.2
_bगोएथे
100 _aगोएथे, योहान वोल्फ़गांग फौन
_990032
245 _aफ़ाउस्ट :
_cयोहान वोल्फ़गांग फौन गोएथे ; अनुवादक अरविंद कुमार
_bएक त्रासदी /
246 _aFoust : ek trasdi /
_bby Yohan Volfgang Faun Goethe ; anuvadak Arvind Kumar
260 _aनयी दिल्ली
_bभारतीय ज्ञानपीठ
_c2002
270 _bनयी दिल्ली
_a18, इंस्टीट्यूशनल एरिया, लोदी रोड
_e110003
300 _a271पृ.
_c20सेमी(सजिल्द)
650 _aगैर-सामी अफ्रीकी-एशियाई साहित्य
_990034
650 _aअफ्रीकी-एशियाई साहित्य
_93552
650 _aNon-semitic Afro-Asiatic literature
_990036
650 _aAfro-Asiatic literature
_990037
700 _aअरविंद कुमार
_990038
942 _2ddc
_cHN
_h893.2
_mगोएथे
999 _c120369
_d120369